00000000nam 2200000zi 4500
0019.937576
003CaOODSP
00520250121130740
006m     o  d f      
007cr cn|||||||||
008240430t20242024onca    o    f000 0 fre d
020 |a9780660716602
040 |aCaOODSP|bfre|erda|cCaOODSP
043 |an-cn-qu
0861 |aFo4-229/2024F-PDF
24503|aLa Station de recherche forestière de Valcartier.
264 1|a[Ottawa] : |bRessources naturelles Canada = Natural Resources Canada, |c[2024]
264 4|c©2024
300 |a1 ressource en ligne (2 pages non numérotées) : |billustrations
336 |atexte|btxt|2rdacontent/fre
337 |ainformatique|bc|2rdamedia/fre
338 |aressource en ligne|bcr|2rdacarrier/fre
500 |aPublié aussi en anglais sous le titre : Valcartier Forest Research Station.
500 |aPublié par : Service canadien des forêts.
500 |aTitre de départ.
650 0|aÉcologie des forêts boréales|xRecherche|zQuébec (Province)
655 7|aInfographies|2rvmgf
7101 |aCanada. |bRessources naturelles Canada, |eorganisme de publication.
7102 |aService canadien des forêts, |eorganisme de publication.
77508|tValcartier Forest Research Station.|w(CaOODSP)9.937573
7760#|tLa Station de recherche forestière de Valcartier.|w(CaOODSP)9.937577
85640|qPDF|s2.29 Ko|uhttps://publications.gc.ca/collections/collection_2025/rncan-nrcan/Fo4-229-2024-fra.pdf